UBT Library

International financial management / (Record no. 1179)

000 -LEADER
fixed length control field 00494nam a22001817a 4500
008 - FIXED-LENGTH DATA ELEMENTS--GENERAL INFORMATION
fixed length control field 150925b xxu||||| |||| 00| 0 eng d
020 ## - INTERNATIONAL STANDARD BOOK NUMBER
International Standard Book Number 9780324568196
020 ## - INTERNATIONAL STANDARD BOOK NUMBER
International Standard Book Number 0324568193
041 0# - LANGUAGE CODE
Language code of text/sound track or separate title eng
080 ## - UNIVERSAL DECIMAL CLASSIFICATION NUMBER
Universal Decimal Classification number 336
100 1# - Rafti
Rafti Madura, Jeff.
245 10 - TITLE STATEMENT
Title International financial management /
Statement of responsibility, etc Jeff Madura.
250 ## -
-- 9th ed.
260 ## -
-- Mason, OH :
-- Thomson/South-Western,
-- 2008.
300 ## -
-- xxv, 673 f. :
-- me il.;
-- 27 cm.
650 #0 -
-- Financa ndërkombëtare
942 ## - ADDED ENTRY ELEMENTS (KOHA)
Source of classification or shelving scheme
Item type Books
Holdings
Withdrawn status Lost status Source of classification or shelving scheme Damaged status Not for loan Collection code Permanent location Current location Shelving location Date acquired Total Checkouts Full call number Barcode Date last seen Price effective from Koha item type
          Koleksioni i përgjithshem UBT - Lipjan UBT - Lipjan Koleksioni i përgjithshem 09/25/2015   336 MAD 002-007734 09/25/2015 09/25/2015 Books
UBT Library © 2015-2024. All rights reserved University Education for Business and Technology